000 00821cpmaa2200253 4500
001 mm 79001019
003 DLC
005 20260227111634.0
008 790423|||||||||||| eng
010 _amm 79001019
040 _aDLC
_cDLC
_edacs
_dDLC
072 7 _aL
_2lcmd
100 1 _aDawson, Henry B.
_q(Henry Barton),
_d1821-1889.
245 0 0 _aHenry B. Dawson correspondence,
_f1872.
300 _a1
_fitem.
506 0 _aOpen to research.
545 0 _aEditor and author.
546 _aCollection material in English.
580 _aForms part of: Miscellaneous Manuscripts collection.
656 7 _aAuthors.
_2itoamc
656 7 _aEditors.
_2itoamc
999 _c40611
_d40611